Hacia una ciencia realista del derecho. Crítica del dualismo en el derecho.
Kaydedildi:
| Yazar: | |
|---|---|
| Diğer Yazarlar: | |
| Materyal Türü: | Kitap |
| Dil: | İspanyolca |
| Baskı/Yayın Bilgisi: |
Buenos Aires, Argentina:
Abeledo-Perrot,
1961.
|
| Edisyon: | Primera edición castellana. |
| Seri Bilgileri: | Colección Selecciones Jurídicas Abeledo-Perrot,
|
| Konular: | |
| Etiketler: |
Etiketle
Etiket eklenmemiş, İlk siz ekleyin!
|
MARC
| LEADER | 00000nam a2200000 a 4500 | ||
|---|---|---|---|
| 001 | UCO1915 | ||
| 003 | CL-VaPUC | ||
| 005 | 20220822114344.0 | ||
| 008 | 000525e19610000AG |||||||||||||||||spa|d | ||
| 999 | |c 288483 |d 288481 | ||
| 040 | |c Pontificia Universidad Católica de Valparaíso | ||
| 082 | 0 | 4 | |a 340.1 ROS 1961 |2 21 |
| 100 | 0 | |a Ross, Alf |e autor |9 444477 | |
| 245 | 1 | 0 | |a Hacia una ciencia realista del derecho. |b Crítica del dualismo en el derecho. |
| 250 | |a Primera edición castellana. | ||
| 260 | |a Buenos Aires, Argentina: |b Abeledo-Perrot, |c 1961. | ||
| 300 | |a 333 páginas. | ||
| 490 | 0 | |a Colección Selecciones Jurídicas Abeledo-Perrot, | |
| 500 | |a c.2 Donación Familia Prof. Alejandro Guzmán Brito. | ||
| 583 | |a last modification |c 20000525 00:00:00 |k Rodrigo Vera | ||
| 650 | 7 | |a CONCEPTO DE DERECHO |2 CL-VaPUC |9 441066 | |
| 650 | 0 | |a Derecho subjetivo |9 256705 | |
| 650 | 0 | |a Derechos personales |9 430777 | |
| 650 | 0 | |a Derechos reales |9 257708 | |
| 650 | 7 | |a DISOLUCION |2 CL-VaPUC |9 346049 | |
| 650 | 0 | |a Dogmática jurídica |9 337910 | |
| 650 | 7 | |a DUALISMO |2 CL-VaPUC |9 394451 | |
| 650 | 0 | |a Fuentes del derecho |9 255162 | |
| 650 | 7 | |a RECONSTRUCCION |2 CL-VaPUC |9 354860 | |
| 650 | 7 | |a TEORIA SOCIAL |2 CL-VaPUC |9 393289 | |
| 700 | |a Cossio, Carlos |9 394344 |e prólogo | ||
| 942 | |c BK |2 ddc |n 0 | ||
| 945 | |d 20000525 00:00:00 |a vberengu | ||
| 952 | |0 0 |1 0 |4 0 |6 340_100000000000000_ROS_1961 |7 0 |8 DER_TF |9 336170 |a BIBDER |b BIBDER |d 2019-11-20 |i 3590011 |l 1 |o 340.1 ROS 1961 |p 3590011 |r 2023-01-25 |s 2022-09-23 |w 2019-11-20 |x Ubicación 4to Piso |y BK |z Estos recursos deben solicitarse con anticipación |k DER | ||